[Event "12th Lichtenberger Sommer"]
[Site "Berlin GER"]
[Date "2013.08.22"]
[Round "6.37"]
[White "Dreke,F"]
[Black "Godoj,V"]
[Result "1-0"]
[WhiteElo "1990"]
[BlackElo "2045"]

1.e4 g6 2.d4 Bg7 3.Nc3 c6 4.f4 d5 5.e5 h5 6.Nf3 Bg4 7.Be3 Nh6 8.h3 Bxf3 9.Qxf3 Nf5
10.Bf2 h4 11.Bd3 e6 12.O-O-O Nd7 13.Kb1 Rh5 14.Ne2 Bf8 15.g4 hxg3 16.Nxg3 Nxg3
17.Qxg3 Qe7 18.Be2 Rh8 19.h4 O-O-O 20.h5 gxh5 21.Rxh5 Bh6 22.Qh3 Qf8 23.f5 Bg5
24.Rf1 Rxh5 25.Qxh5 Qh6 26.Qxf7 exf5 27.e6 Nf6 28.Bg3 f4 29.e7 Re8 30.Qe6+ Kc7
31.Qe5+ Kb6 32.Bxf4 Bxf4 33.Rxf4 Ne4 34.c4 a6 35.cxd5 cxd5 36.Rxe4 Qh1+ 37.Kc2 Rc8+
38.Kb3 Qxe4 39.Qd6+ Rc6 40.Qd8+ Ka7 41.e8=Q  1-0

[Event "ch-FRA w 2013"]
[Site "Nancy FRA"]
[Date "2013.08.22"]
[Round "11.2"]
[White "Milliet,S"]
[Black "Safranska,A"]
[Result "1/2-1/2"]
[WhiteElo "2401"]
[BlackElo "2312"]

1.e4 g6 2.d4 Bg7 3.Nc3 c6 4.f4 d5 5.e5 Nh6 6.Nf3 f6 7.Be2 Bg4 8.Be3 O-O 9.Qd2 e6
10.O-O-O Nd7 11.exf6 Rxf6 12.Ne5 Bxe2 13.Nxe2 Nf5 14.Bf2 Rf8 15.h4 Nd6 16.Qe3 Nxe5
17.dxe5 Ne4 18.Be1 Qe7 19.Kb1 Rf7 20.g3 h6 21.Nc3 Nxc3+ 22.Qxc3 h5 23.Bf2 Bf8
24.Qd3 Rf5 25.Rdg1 Bh6 26.Be3 Kf7 27.g4 hxg4 28.Rxg4 Rh8 29.Rhg1 Bf8 30.Rxg6 Rxh4
31.R6g5 Rxg5 32.fxg5 Ke8 33.a3 Bg7 34.Bxa7 Bxe5 35.g6 Rh8 36.Qe3 Bg7 37.Qg3 Kd7
38.Bb6 Qd6 39.Qb3 Kc8 40.Qa4 Qe5 41.Qb4 Rh4 42.Qb3 Rh3 43.Qb4 Rh4 44.Qb3 Rh3
45.Qb4 Rh4 46.Qb3 Rh3 47.c3 Qf4  1/2-1/2

[Event "12th Lichtenberger Sommer"]
[Site "Berlin GER"]
[Date "2013.08.23"]
[Round "7.25"]
[White "Hahlbohm,M"]
[Black "Dreke,F"]
[Result "1-0"]
[WhiteElo "2115"]
[BlackElo "1990"]

1.e4 g6 2.d4 Bg7 3.Nc3 c6 4.Be3 d5 5.e5 Nh6 6.Qd2 Nf5 7.Bf4 h5 8.Nf3 Nd7
9.O-O-O Nf8 10.Ng5 Ne6 11.Nxe6 Bxe6 12.Kb1 Qa5 13.b3 Qb4 14.Kb2 Bd7 15.a3 Qa5
16.Be2 e6 17.h3 c5 18.dxc5 Qxc5 19.g4 hxg4 20.hxg4 Ne7 21.Ne4 Qc7 22.Nf6+ Kf8
23.Rxh8+ Bxh8 24.Rh1 Bg7 25.Rh7 Nc6 26.Bb5 Rc8 27.Bxc6 bxc6 28.Ka2 Be8 29.Rxg7 Kxg7
30.Bh6+ Kh8 31.Bf8  1-0

[Event "3rd Isthmia Open"]
[Site "Vrachati GRE"]
[Date "2013.08.23"]
[Round "7.14"]
[White "Tzouganakis,P"]
[Black "Cherednichenko,S"]
[Result "1/2-1/2"]
[WhiteElo "2201"]
[BlackElo "2283"]

1.e4 g6 2.d4 Bg7 3.Nc3 c6 4.Nf3 d6 5.h3 Nf6 6.a4 a5 7.Bc4 O-O 8.O-O Qc7 9.e5 Ne8
10.Qe2 d5 11.Bd3 b6 12.Bf4 Ba6 13.Bxa6 Nxa6 14.Qd2 e6 15.Ne2 c5 16.c3 cxd4
17.cxd4 Nb4 18.Rac1 Qe7 19.Nc3 Nc7 20.Qe2 Qd7 21.h4 Rfb8 22.h5 b5 23.axb5 Nxb5
24.g4 Rb7 25.Kg2 Rab8 26.Rh1 Nc6 27.Qe3 Nbxd4 28.Nxd4 Nxd4 29.hxg6 Nb3 30.Qh3 fxg6
31.Qxh7+ Kf8 32.Bh6 Qf7 33.Rh3 Bxh6 34.Qxh6+ Qg7 35.Rch1 Qxh6 36.Rxh6 Rg7
37.Rh8+ Rg8 38.R8h7 Rg7 39.Rh8+ Rg8 40.R8h7 Rg7 41.Rh8+  1/2-1/2

[Event "21st Troya Open 2013"]
[Site "Canakkale TUR"]
[Date "2013.08.24"]
[Round "9.1"]
[White "Quparadze,G"]
[Black "Azaladze,S"]
[Result "1-0"]
[WhiteElo "2500"]
[BlackElo "2498"]

1.e4 g6 2.d4 Bg7 3.Nc3 c6 4.Nf3 d6 5.Be3 Nf6 6.Qd2 Bg4 7.Ng1 d5 8.e5 Ng8
9.Bd3 f6 10.f4 Nh6 11.h3 Bf5 12.Be2 Bc8 13.Nf3 Na6 14.g4 f5 15.g5 Nf7 16.h4 e6
17.Bxa6 bxa6 18.h5 Rb8 19.O-O-O Qb6 20.Na4 Qb5 21.b3 Bf8 22.Nc5 a5 23.hxg6 hxg6
24.Rxh8 Nxh8 25.Qh2 Nf7 26.Nh4 a4 27.Nxg6 Bxc5 28.dxc5 axb3 29.axb3 Qa5 30.Qh7 Qa3+
31.Kd2  1-0

[Event "TCh-POR Div1 Final 2013"]
[Site "Matosinhos POR"]
[Date "2013.08.24"]
[Round "8.3"]
[White "Sousa,N"]
[Black "Cavaleiro,D"]
[Result "0-1"]
[WhiteElo "1960"]
[BlackElo "1893"]

1.e4 g6 2.d4 Bg7 3.Nc3 c6 4.Nf3 d5 5.h3 Nh6 6.e5 O-O 7.Bf4 e6 8.h4 Nd7 9.h5 Nf5
10.g4 Ne7 11.Qd2 f6 12.hxg6 Nxg6 13.Bh6 Qe7 14.Bd3 Bxh6 15.Qxh6 Qg7 16.Qxg7+ Kxg7
17.exf6+ Rxf6 18.Rh3 c5 19.O-O-O cxd4 20.Bxg6 dxc3 21.Bd3 cxb2+ 22.Kxb2 Nf8
23.Ne5 Rxf2 24.Rdh1 Kf6 25.Rh5 Rf4 26.R1h4 Ng6 27.Nxg6 hxg6 28.Rh6 Kg5 29.Rh1 Rf6
30.Rh8 b5 31.R1h7 Bb7 32.Rxa8 Bxa8 33.Rxa7 Bc6 34.Kc3 e5 35.Kb4 e4 36.Bxb5 Bxb5
37.Kxb5 Re6 38.Rd7 e3 39.Rxd5+ Kxg4 40.Rd1 e2 41.Re1 Kf3 42.a4 Kf2 43.Rxe2+ Kxe2
44.a5 g5 45.a6 g4 46.a7 Re8 47.c4 g3 48.c5 g2  0-1

[Event "3rd Isthmia Open"]
[Site "Vrachati GRE"]
[Date "2013.08.24"]
[Round "8.16"]
[White "Tsaknakis,Zisis"]
[Black "Tzouganakis,P"]
[Result "0-1"]
[WhiteElo "1793"]
[BlackElo "2201"]

1.e4 g6 2.d4 Bg7 3.Nc3 c6 4.Be3 d5 5.exd5 cxd5 6.Nf3 a6 7.Qd2 Nc6 8.O-O-O Bg4
9.Be2 e6 10.Ne5 Bxe2 11.Qxe2 Nge7 12.f4 Nxe5 13.dxe5 Nf5 14.g4 Nxe3 15.Qxe3 Qc7
16.Rhe1 h5 17.h3 Qa5 18.Kb1 O-O-O 19.g5 Bf8 20.Ne2 Bc5 21.Qc3 Qxc3 22.Nxc3 Bb4
23.a3 Bxc3 24.bxc3 Kb8 25.Rd4 Rc8 26.Kb2 Rc5 27.Re3 Rhc8 28.Rf3 R8c6 29.a4 Kc7
30.Rfd3 Rc4 31.Rxc4 Rxc4 32.f5 gxf5 33.g6 fxg6 34.Rg3 Re4 35.Rxg6 Rxe5 36.Rh6 f4
37.Rf6 Rf5 38.Rxe6 f3 39.Re1 f2 40.Rf1 Kc6  0-1

[Event "TCh-SRB 1st League 2013"]
[Site "Kragujevac SRB"]
[Date "2013.08.25"]
[Round "2.2"]
[White "Nestorovic,L"]
[Black "Barlov,D"]
[Result "1-0"]
[WhiteElo "2397"]
[BlackElo "2449"]

1.e4 g6 2.d4 Bg7 3.Nc3 c6 4.Nge2 d6 5.Be3 Qb6 6.b3 Nd7 7.Qd2 Qa5 8.g3 Ngf6
9.h3 O-O 10.Bg2 e5 11.O-O Re8 12.Rad1 Qc7 13.f4 exd4 14.Bxd4 b5 15.a3 Bb7
16.g4 c5 17.Nxb5 Qb6 18.Bxf6 Nxf6 19.Nxd6 Nxe4 20.Bxe4 Bxe4 21.Nxe8 Rxe8
22.Kh2 Bb7 23.Ng3 Qc6 24.Rfe1 Rxe1 25.Rxe1 Bc3 26.Qd8+ Kg7 27.Re4 Be1 28.Nh5+ gxh5
29.Qg5+ Kf8 30.Qe7+ Kg7 31.Qe5+ f6 32.Qe7+ Kg6 33.gxh5+ Kh6 34.Qf8+ Kxh5
35.Re5+  1-0

[Event "ch-ESP Rapid 2013"]
[Site "Linares ESP"]
[Date "2013.08.26"]
[Round "4.12"]
[White "Sanchez Aller,F"]
[Black "Anton Guijarro,D"]
[Result "0-1"]
[WhiteElo "2320"]
[BlackElo "2570"]

1.e4 g6 2.Nc3 Bg7 3.d4 c6 4.Bc4 d6 5.Bb3 Nf6 6.Nf3 O-O 7.Bf4 b5 8.e5 Ne8
9.O-O d5 10.Ne2 Bg4 11.Qd3 f6 12.exf6 exf6 13.a4 b4 14.a5 Nd6 15.Ng3 Nf5
16.Rfe1 Kh8 17.Nd2 Nh4 18.Ndf1 Bc8 19.Qd2 g5 20.Be3 Qd6 21.f4 Bh3 22.Nh5 Bxg2
23.Qf2 Be4 24.Nd2 Qd7 25.Nxe4 dxe4 26.Nxg7 Qxg7 27.Kh1 Nf3 28.Rg1 Nxg1 29.Rxg1 Nd7
30.d5 c5 31.Qg2 Rae8 32.d6 f5 33.Qxg5 Qxg5 34.Rxg5 Rf6 35.Ba4 Rxd6 36.Bxd7 Rxd7
37.Rxf5 Rg8 38.h4 Rg4 39.h5 Rh4+ 40.Kg2 Rg7+ 41.Kf1 Rh1+ 42.Kf2 Rh2+ 43.Kf1 Rd7
44.Ke1 Kg7 45.Rxc5 Kf6 46.Bf2 a6 47.Bg3 Rh3 48.Kf2 Rd2+ 49.Ke1  0-1

[Event "Jastrzebskie Youth 2013"]
[Site "Ustron POL"]
[Date "2013.08.27"]
[Round "6.2"]
[White "Kislinsky,A"]
[Black "Chernyshov,K"]
[Result "0-1"]
[WhiteElo "2521"]
[BlackElo "2527"]

1.e4 g6 2.d4 Bg7 3.Nc3 c6 4.f4 d5 5.e5 h5 6.Be3 Nh6 7.Nf3 Bg4 8.h3 Nf5 9.hxg4 Nxe3
10.Qd3 Nxg4 11.Ng5 Nh6 12.Be2 Na6 13.O-O-O Nc7 14.Kb1 e6 15.Na4 Qe7 16.Nc5 O-O-O
17.Qa3 b6 18.Nge4 dxe4 19.Qxa7 bxc5 20.dxc5 Nf5 21.Rd6 Rxd6 22.cxd6 Nxd6
23.Ba6+ Kd8 24.Rd1 Nd5 25.Qc5 Qc7 26.c4 Nxc4 27.Bxc4 Kd7 28.Qd4 Rb8 29.Qxe4 Ke8
30.Bb3 Rb4 31.Qe1 Rxf4  0-1

[Event "11th Kesan Open"]
[Site "Edirne TUR"]
[Date "2013.08.28"]
[Round "4.4"]
[White "Tutisani,Noe"]
[Black "Azaladze,S"]
[Result "1-0"]
[WhiteElo "2029"]
[BlackElo "2498"]

1.e4 g6 2.d4 Bg7 3.Nc3 c6 4.Nf3 d6 5.h3 Nd7 6.a4 e5 7.d5 Qc7 8.Bc4 Ngf6 9.O-O O-O
10.Be3 c5 11.a5 a6 12.Qe2 Nh5 13.g3 h6 14.Kg2 f5 15.exf5 gxf5 16.Nh4 Ndf6
17.Bd2 Qf7 18.Ra3 Nd7 19.Na4 e4 20.f4 exf3+ 21.Raxf3 Ne5 22.Nb6 Nxf3 23.Rxf3 f4
24.Bxf4 Bxh3+ 25.Kxh3 Rae8 26.Bxd6 Rxe2 27.Rxf7 Rxc2 28.Rf5 Rxf5 29.Nxf5 Bxb2
30.Bxc5 Nf6 31.Ne3 Rd2 32.d6+ Kh7 33.Ned5 Ne4 34.Be3  1-0

[Event "11th Kesan Open"]
[Site "Edirne TUR"]
[Date "2013.08.30"]
[Round "7.5"]
[White "Eminov,O"]
[Black "Azaladze,S"]
[Result "1/2-1/2"]
[WhiteElo "2260"]
[BlackElo "2498"]

1.e4 g6 2.d4 Bg7 3.Nc3 c6 4.h3 d6 5.Nge2 b5 6.g3 e5 7.dxe5 dxe5 8.Qxd8+ Kxd8
9.Be3 Be6 10.Nc1 Nd7 11.Nd3  1/2-1/2

[Event "TCh-ROU 2013"]
[Site "Mamaia ROU"]
[Date "2013.09.01"]
[Round "2.4"]
[White "Nastase,R"]
[Black "Szabo,G ROM"]
[Result "0-1"]
[WhiteElo "2099"]
[BlackElo "2550"]

1.e4 g6 2.d4 Bg7 3.Nc3 c6 4.Be3 d6 5.Qd2 Nd7 6.f3 b5 7.a3 Bb7 8.Bd3 a6 9.Nh3 e5
10.dxe5 dxe5 11.O-O Ngf6 12.Ne2 Nb6 13.Rfd1 Nfd7 14.Rac1 Na4 15.c4 Nac5 16.Bc2 Qe7
17.b4 Ne6 18.Bb3 Rd8 19.cxb5 axb5 20.a4 bxa4 21.Bxa4 Nb6 22.Qc2 Nxa4 23.Qxa4 O-O
24.Nf2 Rxd1+ 25.Rxd1 Ra8 26.Qb3 Bf8 27.Nd3 Ba6 28.Nec1 Rd8 29.Nc5 Nxc5 30.bxc5 Bb5
31.Rxd8 Qxd8 32.h3 Qa5 33.Qd1 Qc3 34.Bf2 Bxc5 35.Bxc5 Qxc5+ 36.Kh2 Qc3 37.h4 h5
38.Ne2 Qe3 39.Qd8+ Kg7 40.Ng3 Qf4 41.Qe7 Ba6 42.Qg5 c5 43.Kg1 Qxg5 44.hxg5 h4  0-1

[Event "21st Honor to National Resistance"]
[Site "Nikaia GRE"]
[Date "2013.09.01"]
[Round "8.17"]
[White "Karousos-Theodorakis,Nikolaos"]
[Black "Sidiropoulos,N2"]
[Result "1/2-1/2"]
[WhiteElo "1720"]
[BlackElo "1926"]

1.e4 g6 2.d4 Bg7 3.Nc3 c6 4.Be3 Qb6 5.a3 Qc7 6.f4 Nf6 7.e5 Nd5 8.Nxd5 cxd5
9.Nf3 d6 10.Bd3 Bg4 11.O-O O-O 12.h3 Bxf3 13.Qxf3 e6 14.Rac1 Nc6 15.Qf2 Qb6
16.c3 Qc7 17.b4 dxe5 18.dxe5 f6 19.exf6 Bxf6 20.Bc5 Rf7 21.Qe2 b6 22.Bf2 Re7
23.b5 Na5 24.Bd4 Bxd4+ 25.cxd4 Qd6 26.Rc3  1/2-1/2

[Event "TCh-ROU w 2013"]
[Site "Mamaia ROU"]
[Date "2013.09.02"]
[Round "3.2"]
[White "Olea,L"]
[Black "Ionescu,I"]
[Result "0-1"]
[WhiteElo "1888"]
[BlackElo "2229"]

1.e4 g6 2.d4 c6 3.Nc3 Bg7 4.h3 d5 5.e5 Nh6 6.Bf4 f6 7.Nf3 O-O 8.Qd2 Nf7 9.exf6 exf6
10.Be2 Re8 11.O-O Nd7 12.Rfe1 Nf8 13.Bd3 Ne6 14.Be3 f5 15.Ne2 Nd6 16.Rad1 Ne4
17.Qc1 b5 18.Bh6 Bf6 19.Nf4 b4 20.Nxe6 Bxe6 21.Bf4 Qa5 22.Ne5 c5 23.f3 cxd4
24.fxe4 dxe4 25.Bxe4 fxe4 26.Ng4 Bxg4 27.hxg4 Qxa2 28.Bd6 Qe6 29.Qf4 a5 30.Bc5 Rad8
31.g5 Be5 32.Qh4 Qc6  0-1

[Event "13th Zug Young Masters"]
[Site "Zug SUI"]
[Date "2013.09.03"]
[Round "8.4"]
[White "Kurmann,O"]
[Black "Svetushkin,D"]
[Result "0-1"]
[WhiteElo "2421"]
[BlackElo "2608"]

1.e4 g6 2.d4 Bg7 3.Nc3 c6 4.h3 d6 5.Nf3 b5 6.Be3 Nd7 7.Qd2 Qc7 8.a4 b4 9.Ne2 c5
10.c3 Ngf6 11.Ng3 Bb7 12.d5 bxc3 13.bxc3 Qa5 14.Ra3 O-O 15.Bd3 Ba6 16.O-O Rfb8
17.Qe2 Bxd3 18.Qxd3 Rb7 19.Rb1 Rab8 20.Rxb7 Rxb7 21.Nd2 Ne5 22.Qe2 Ne8 23.f4 Nd7
24.Nc4 Qa6 25.Nf1 Nb6 26.Nfd2 Nf6 27.Bf2 Nxc4 28.Nxc4 Nd7 29.a5 Rb1+ 30.Kh2 Qb5
31.Bh4 Kf8 32.Qd3 h5 33.Bg3 Bh6 34.Ra2 Qb3 35.Rf2 Rc1 36.Rf3 Rd1 37.Qe2 Qb1
38.Bh4 Rh1+ 39.Kg3 Re1 40.Qf2 Qxe4 41.Ne3 Bxf4+  0-1

[Event "13th Zug Young Masters"]
[Site "Zug SUI"]
[Date "2013.09.03"]
[Round "8.5"]
[White "Georgiadis,N"]
[Black "Grandadam,N"]
[Result "1/2-1/2"]
[WhiteElo "2396"]
[BlackElo "2309"]

1.e4 c6 2.d4 g6 3.Nc3 Bg7 4.Bc4 d6 5.Qf3 e6 6.Nge2 Nd7 7.a4 Ngf6 8.O-O O-O
9.Bg5 Qa5 10.Bh4 d5 11.Bb3 dxe4 12.Nxe4 Nxe4 13.Qxe4 c5 14.Rfd1  1/2-1/2

[Event "10th LGA Premium Cup GpB"]
[Site "Nuernberg GER"]
[Date "2013.09.06"]
[Round "3.2"]
[White "Mons,L"]
[Black "Maiwald,JU"]
[Result "0-1"]
[WhiteElo "2439"]
[BlackElo "2460"]

1.e4 g6 2.d4 Bg7 3.Nc3 c6 4.Be3 b5 5.Bd3 b4 6.Nce2 Nf6 7.Nf3 a5 8.a3 Na6
9.Qd2 d5 10.Ng3 bxa3 11.Rxa3 dxe4 12.Nxe4 Nb4 13.Nxf6+ exf6 14.O-O O-O 15.Rfa1 Re8
16.Bf1 Bf5 17.Ne1 Bf8 18.c3 Nd5 19.b4 Nxe3 20.fxe3 Bh6 21.Nc2 Bxc2 22.Qxc2 Bxe3+
23.Kh1 Qc7 24.Rxa5 Rxa5 25.bxa5 c5 26.d5 c4 27.Qe2 Re4 28.Qf3 f5 29.Re1 Bg1
30.Kxg1 Rxe1 31.Qf2 Ra1 32.Qb6 Qf4 33.Qf2 Qxf2+ 34.Kxf2 Rxa5 35.Bxc4 Rc5
36.d6 Kf8 37.d7 Ke7 38.Bxf7 Rxc3 39.Bg8 h6 40.Bf7 Rc6 41.h4 Kxd7  0-1

[Event "12th Kesarovski Mem"]
[Site "Sunny Beach BUL"]
[Date "2013.09.07"]
[Round "8.6"]
[White "Tilicheev,V"]
[Black "Petrov,Marij"]
[Result "1/2-1/2"]
[WhiteElo "2415"]
[BlackElo "2489"]

1.e4 g6 2.d4 Bg7 3.Nc3 c6 4.f4 d5 5.e5 Nh6 6.Nf3 Bg4 7.Be3 Qb6 8.Rb1 f6 9.Be2 Nd7
10.Bf2 Nf5 11.O-O Bh6 12.exf6 exf6 13.Nh4 Bxe2 14.Qxe2+ Ne7 15.Rfe1 Bf8 16.b4 Qd8
17.b5 Nb6 18.Qe6 Bg7 19.bxc6 bxc6 20.Qxc6+ Kf8 21.Qb7 Kf7 22.Nb5 Re8 23.Qc7 Nc4
24.Rb4 a6 25.Qxd8 Rexd8 26.Nc7 a5 27.Rb7 Rd7 28.Reb1 Rc8 29.Na6 Rxb7 30.Rxb7 Na3
31.Nc5 Nxc2 32.Nf3 Nb4 33.a4 Bf8 34.Nd2 Kg8 35.Ndb3 Nbc6 36.g4 h5 37.h3 hxg4
38.hxg4 Bh6 39.Be3 Kf7 40.Rb5 Nb4 41.Nxa5 Nc2 42.Kf2 f5 43.Nab7 Kg8 44.g5 Bg7
45.Ne6 Rc3 46.Nxg7 Kxg7 47.Bd2 Rd3 48.Bb4 Nc6 49.Bc5 N6xd4 50.Bxd4+ Rxd4
51.a5 Rxf4+ 52.Kg3 Rg4+ 53.Kf2 Rf4+ 54.Kg3  1/2-1/2

[Event "TCh-SUI 2013"]
[Site "Switzerland SUI"]
[Date "2013.09.08"]
[Round "7.5"]
[White "Vogt,L"]
[Black "Domont,A"]
[Result "1/2-1/2"]
[WhiteElo "2402"]
[BlackElo "2384"]

1.e4 g6 2.d4 Bg7 3.Nc3 c6 4.Nf3 d5 5.h3 Nf6 6.Bd3 dxe4 7.Nxe4 Nxe4 8.Bxe4 Bf5
9.Bxf5 Qa5+ 10.Bd2 Qxf5 11.O-O c5 12.Be3 O-O 13.dxc5 Na6 14.Nd4 Qc8 15.c6 bxc6
16.c3 c5 17.Nb5 Qc6 18.Qe2 Rfb8 19.Na3 Nc7 20.Rfd1 Nb5 21.Nxb5 Rxb5 22.Rd2 c4
23.Rad1 f5 24.f4 a5 25.Bd4 e5 26.Bxe5 Bxe5 27.fxe5 Re8 28.Re1 Qc5+ 29.Rd4 Rxe5
30.Qxe5 Qxe5 31.Rxe5 Rxe5 32.Rxc4 Re2 33.Rc8+ Kf7 34.Rb8 Kf6 35.h4 Rc2 36.Rb5 f4
37.a4 h6 38.b4 Rxc3 39.Rxa5 g5 40.hxg5+ hxg5 41.Rc5 Ra3 42.a5 Ra4 43.Rb5 g4
44.Kf2 Ra2+ 45.Kf1 g3 46.Rc5 Ra4 47.Rc1 Kg5 48.Rb1 Ra2 49.b5 Rxa5 50.b6 Ra8
51.b7 Rb8 52.Rb4 Kf5 53.Rb3 Kg4 54.Rb5 Kh4 55.Ke2 Kg4 56.Rb3 Re8+ 57.Kd3 f3
58.Rb4+ Kf5 59.b8=Q Rxb8 60.Rxb8 fxg2 61.Rb1 Kg4 62.Ke2 Kh3 63.Kf3 Kh2 64.Rb2 Kh1
65.Rxg2  1/2-1/2

[Event "Mohamed Slama Mem 2013"]
[Site "Monastir TUN"]
[Date "2013.09.10"]
[Round "3.5"]
[White "Taeib,S"]
[Black "Payen,Ar"]
[Result "0-1"]
[WhiteElo "2117"]
[BlackElo "2318"]

1.e4 g6 2.d4 Bg7 3.Nc3 c6 4.Bc4 d6 5.Bb3 Nf6 6.Nge2 O-O 7.O-O Na6 8.Bg5 Qc7
9.Qd2 e5 10.Bh6 Re8 11.Bxg7 Kxg7 12.Ng3 h6 13.Kh1 Be6 14.f4 exd4 15.Qxd4 Qb6
16.Qd2 Bxb3 17.axb3 Rad8 18.Qe2 Qc7 19.Rae1 h5 20.Qf3 h4 21.e5 Nd5 22.Nxd5 cxd5
23.Nh5+ gxh5 24.Qxh5 Rh8 25.Qg5+ Kf8 26.e6 Qe7 27.Qf5 Nc7 28.exf7 Qxf7 29.Qh3 Re8
30.Qc3 Rg8 31.f5 Rxe1 32.Rxe1 Ne8 33.Qd4 h3 34.g3 Nf6 35.Re6 Ne8 36.Qxd5 Rg5
37.Qd4 Qh5 38.f6 Qf3+  0-1

[Event "TCh-CRO 2a Liga 2013"]
[Site "Bol CRO"]
[Date "2013.09.17"]
[Round "4.2"]
[White "Trbojevic,M"]
[Black "Franic,M"]
[Result "0-1"]
[WhiteElo "2358"]
[BlackElo "2404"]

1.e4 g6 2.d4 Bg7 3.Nc3 c6 4.Bc4 d6 5.a4 Nf6 6.Qe2 O-O 7.Bb3 Na6 8.Be3 Ng4
9.Nf3 Nxe3 10.fxe3 c5 11.O-O Bg4 12.Qf2 Bxf3 13.gxf3 Rc8 14.Nb5 Qb6 15.c3 Nb8
16.Ba2 Nc6 17.Rfd1 Bh6 18.Qe2 Rb8 19.Na3 Rfd8 20.Nc4 Qa6 21.Bb1 b5 22.Nd2 Qb6
23.d5 Na5 24.axb5 c4 25.Kf2 Qxb5 26.Ra2 Qc5 27.Bc2 Rb5 28.Ba4 Rb6 29.Rda1 Rdb8
30.Nf1 R8b7 31.Bd1 Nb3 32.Rb1 e6 33.dxe6 fxe6 34.Bxb3 cxb3 35.Ra4 Rf7 36.Rba1 Rbb7
37.Ra5 Qc7 38.Kg2 Qe7 39.Qf2 Bg7 40.Qg3 Qc7 41.Qe1 Be5 42.Qe2 Bxc3 43.R5a3 Be5
44.Rd1 Rb8 45.f4 Bg7 46.Rd2 Bf8 47.Qd3 Qc6 48.Ra6 Qc5 49.Ng3 Qc8 50.Ra3 Qb7
51.Qc4 d5 52.Qa4 Bxa3 53.Qxa3 Rc7 54.Nf1 Rc2 55.Qd6 Qb6 56.Qe5 Rbc8 57.Kf3 Qa6
58.Kg3 Re8 59.Rf2 dxe4 60.Qxe4 Qc6 61.Qd4 e5 62.fxe5 Rxf2 63.Kxf2 Rf8+ 64.Kg1 Qf3
65.Ng3 Qf2+ 66.Kh1 Rc8 67.Qd5+ Kh8  0-1

[Event "Slama Mem Schev 2013"]
[Site "Monastir TUN"]
[Date "2013.09.17"]
[Round "3.3"]
[White "Zaibi,A"]
[Black "Payen,Ar"]
[Result "1/2-1/2"]
[WhiteElo "2227"]
[BlackElo "2318"]

1.e4 g6 2.d4 Bg7 3.Nc3 c6 4.Nge2 d5 5.exd5 cxd5 6.g3 Nf6 7.Bg2 Nc6 8.Bg5 e6
9.Qd2 h6 10.Bf4 g5 11.Be3 Ng4 12.O-O-O Ne7 13.h3 Nxe3 14.fxe3 Bd7 15.g4 Qc7
16.Qe1 O-O-O 17.Rf1 Rhf8 18.Ng3 Bc6 19.Nh5 Bh8 20.Nf6 Bxf6 21.Rxf6 Ng8 22.Rf2 f5
23.Bf1 Ne7 24.Bd3 Kb8 25.Qg1 Bd7 26.Rdf1 a6 27.Qh1 Qd6 28.a3 Rc8 29.Qh2 Qxh2
30.Rxh2 Kc7 31.Rhf2 Kd6 32.Kd2 Rf7 33.b3 Rcf8 34.Ne2 e5 35.dxe5+ Kxe5 36.Nd4 f4
37.c3 fxe3+ 38.Kxe3 Rxf2 39.Rxf2 Rxf2 40.Kxf2 Nc6  1/2-1/2

[Event "Slama Mem Schev 2013"]
[Site "Monastir TUN"]
[Date "2013.09.18"]
[Round "5.5"]
[White "Miladinovic,I"]
[Black "Kaabi,M"]
[Result "1-0"]
[WhiteElo "2572"]
[BlackElo "2330"]

1.d4 g6 2.e4 c6 3.Nc3 Bg7 4.Nf3 d5 5.exd5 cxd5 6.Bb5+ Bd7 7.Qe2 a6 8.Bxd7+ Qxd7
9.Bf4 Nf6 10.O-O O-O 11.Rae1 e6 12.Ne5 Qe7 13.Bg5 Qb4 14.Qd3 Nbd7 15.a3 Qb6
16.Na4 Qa5 17.Bxf6 Nxf6 18.Nc5 Qc7 19.c3 a5 20.Qb5 Rfb8 21.h4 h5 22.Re3 Ne8
23.Nxg6 Nd6 24.Qd3 fxg6 25.Rxe6 Ne4 26.Nxe4 dxe4 27.Qxe4 Qf7 28.Rxg6 Re8
29.Qd3 Re7 30.Rg5 a4 31.Rf5 Qe8 32.Qc4+ Kh7 33.Qc5 Ra6 34.Rxh5+ Rh6 35.Rxh6+ Bxh6
36.g3 Qf7 37.d5 Re2 38.d6 Rd2 39.Re1 Bf8 40.Re5 Rxd6 41.Kg2 Rf6 42.Qd4 b6
43.f4 Rd6 44.Qe4+ Kg8 45.f5 Qg7 46.Re8 Qh6 47.Kh3 Qc1 48.Qc4+ Kg7 49.Qe2 Qh1+
50.Kg4 Qd1 51.Qxd1 Rxd1 52.Kh5 Kf7 53.Ra8 Rd2 54.g4 Rxb2 55.Rxa4 Rf2 56.Ra7+ Be7
57.Rb7 Rf3 58.a4 Rxc3 59.g5 Ke8 60.Rxb6 Kf7 61.Rb7 Ke8 62.Kg6 Rc4 63.f6 Bd6
64.h5 Rxa4 65.h6 Rh4 66.h7  1-0

[Event "TCh-CRO 2a Liga 2013"]
[Site "Bol CRO"]
[Date "2013.09.19"]
[Round "6.3"]
[White "Pikula,D"]
[Black "Franic,M"]
[Result "1-0"]
[WhiteElo "2482"]
[BlackElo "2404"]

1.e4 g6 2.d4 Bg7 3.Nc3 c6 4.Nf3 d5 5.h3 Nh6 6.Bf4 dxe4 7.Nxe4 Nf5 8.c3 Be6
9.Bd3 Bd5 10.O-O O-O 11.Re1 Re8 12.Qe2 Nd7 13.b3 Qa5 14.Rac1 Nf6 15.Nxf6+ Bxf6
16.Ne5 Nh4 17.f3 Rad8 18.Ng4 Be6 19.Nxf6+ exf6 20.Qf2 Nf5 21.Bf1 h5 22.g4 Ne7
23.c4 Kg7 24.Bd2 Qc7 25.Bc3 Qf4 26.Rcd1 hxg4 27.fxg4 Qxf2+ 28.Kxf2 g5 29.Bg2 b5
30.d5 cxd5 31.cxd5 Bd7 32.d6 Ng6 33.Bd4 Nf4 34.Bf1 Ne6 35.Be3 Bc6 36.Rd2 a6
37.Rc1 Bb7 38.a4 bxa4 39.bxa4 Rd7 40.Rb1 Red8 41.Rb6 Bc8 42.a5 Rb7 43.Bg2 Rbd7
44.Rb8 Kg6 45.Be4+ Kg7 46.Rc2  1-0

[Event "Slama Mem Schev 2013"]
[Site "Monastir TUN"]
[Date "2013.09.20"]
[Round "7.3"]
[White "Zaibi,A"]
[Black "Kaabi,M"]
[Result "0-1"]
[WhiteElo "2227"]
[BlackElo "2330"]

1.e4 g6 2.d4 Bg7 3.Nc3 c6 4.Nge2 d5 5.exd5 cxd5 6.g3 Nf6 7.Bg2 Bg4 8.Bg5 Nc6
9.Bxf6 Bxf6 10.Nxd5 Bxd4 11.c3 Bg7 12.h3 Bd7 13.O-O O-O 14.Qb3 e6 15.Ne3 Qc7
16.Rad1 Rfd8 17.Nd4 Na5 18.Qc2 Rab8 19.Rd2 a6 20.Rfd1 Be8 21.Qe4 b5 22.Qh4 Rdc8
23.Qg5 h6 24.Qg4 Qe7 25.h4 h5 26.Qe2 Qf6 27.Bf3 Bh6 28.Kg2 Nc4 29.Nxc4 bxc4
30.Rc2 e5 31.Bd5 exd4 32.Rxd4 Ba4 33.b3 cxb3 34.axb3 Bxb3 35.Bxb3 Rxb3 36.Qxa6 Qxa6  0-1

[Event "Dnipropetrovsk A 2013"]
[Site "Dnipropetrovsk UKR"]
[Date "2013.09.21"]
[Round "8.1"]
[White "Balaian,Ali"]
[Black "Eidelson,R"]
[Result "1/2-1/2"]
[WhiteElo "2226"]
[BlackElo "2177"]

1.e4 g6 2.d4 Bg7 3.Nc3 c6 4.f4 d6 5.Nf3 b5 6.Bd3 b4 7.Ne2 Nf6 8.O-O O-O 9.a3 bxa3
10.Rxa3 d5 11.e5 Ne4 12.Bxe4 dxe4 13.Ng5 f5 14.exf6 exf6 15.Nxe4 f5 16.Nc5 Qd5
17.c3 Nd7 18.Qb3 Qxb3 19.Nxb3 Re8 20.Ng3 Nb6 21.Kf2 Bf8 22.Ra1 Be6 23.Nd2 c5
24.Ne2 cxd4 25.Nxd4 Bd5 26.N2f3 Nc4 27.b3 Nd6 28.c4 Ne4+ 29.Kg1 Bb7 30.Ba3 Bg7
31.Rad1 Nc3 32.Rd2 Bxf3 33.Nxf3 Ne2+ 34.Kh1 Nxf4 35.g3 Ne6 36.Rfd1 Rec8 37.Rd6 Bf8
38.Rxe6 Bxa3 39.Ra6 Bc5 40.Ne5 Rab8 41.Rd3 Rb7 42.Nd7 Be7 43.Re6 Kf7 44.Re2 Rcc7
45.Ne5+ Kg7 46.Kg2 Bf6 47.Kf2 a5 48.Nf3 a4 49.bxa4 Rxc4 50.Ra2 Ra7 51.a5 Ra6
52.Rd7+ Kh6 53.Rd5 Rc7 54.Nd2 Kg7 55.Ke2 Kf7 56.Nb3 Be7 57.Rb5 Rc4 58.Kd3 Rc7
59.Ra4 Rac6 60.Rd4 Rc3+ 61.Ke2 R3c6 62.Rd3 Rc2+ 63.Rd2 R2c6 64.Rd3  1/2-1/2

[Event "XXI Vallfogona Rapid Open"]
[Site "Vallfogona de Balaguer ESP"]
[Date "2013.09.21"]
[Round "3.4"]
[White "Barbero Senidic,A"]
[Black "Movsziszian,K"]
[Result "0-1"]
[WhiteElo "2340"]
[BlackElo "2503"]

1.e4 g6 2.d4 Bg7 3.Nc3 c6 4.Be3 d5 5.f3 Qb6 6.Qd2 Qxb2 7.Rb1 Qa3 8.exd5 Nf6
9.dxc6 bxc6 10.Bc4 O-O 11.Nge2 Ba6 12.Bb3 Nbd7 13.O-O Rad8 14.Rfd1 Nb6 15.Ne4 Nfd5
16.Bf2 Nc4 17.Bxc4 Bxc4 18.N2c3 Nxc3 19.Qxc3 Qxc3 20.Nxc3 c5 21.Ne4 cxd4
22.Rb7 e5 23.Bh4 f6 24.Rxa7 g5 25.Bg3 Ra8 26.Rc7 Bxa2 27.c3 Bb3 28.Rd2 dxc3
29.Rxc3 Bf7 30.Rc6 Bg6 31.Rc7 h6 32.Rdd7 Rf7 33.Rxf7 Bxf7 34.Rc6 Ra1+ 35.Kf2 f5
36.Nf6+ Bxf6 37.Rxf6 f4 38.Rxh6 Ra2+ 39.Kg1 fxg3 40.hxg3 Kg7 41.Rb6 Rd2 42.Rc6 Bd5
43.Rc5 Kf6 44.Rc8 e4 45.Rf8+ Kg6 46.Rd8 e3 47.Re8 e2 48.Kf2 Bc4 49.g4 Rd1  0-1

[Event "UKR-POL Academic Teams"]
[Site "Lviv UKR"]
[Date "2013.09.26"]
[Round "1"]
[White "Matseyko,Maxim"]
[Black "Przezdziecka,M"]
[Result "0-1"]
[WhiteElo "2134"]
[BlackElo "2302"]

1.e4 g6 2.d4 Bg7 3.Nc3 c6 4.Nf3 d6 5.h3 Nf6 6.Bd3 O-O 7.O-O Nbd7 8.Be3 e5
9.Ne2 Re8 10.Ng3 exd4 11.Bxd4 Ne5 12.Bc3 Qc7 13.Be2 Bd7 14.Nd2 c5 15.f4 Nc6
16.Nc4 Nxe4 17.Nxe4 Rxe4 18.Bxg7 Kxg7 19.c3 d5 20.Na3 Ne7 21.Qd2 c4 22.Rae1 Nf5
23.Bf3 Rxf4 24.Bxd5 Qc5+ 25.Kh2 Rxf1 26.Rxf1 Qd6+ 27.Kg1 Bc6 28.Rxf5 gxf5
29.Qd4+ Qf6 30.Qxf6+ Kxf6 31.Bxc6 bxc6 32.Nxc4 Ke6 33.Kf2 Rd8 34.Kf3 Rd1
35.Kf4 Rf1+ 36.Ke3 Ra1 37.a3 Kd5 38.Kd3 Rd1+ 39.Nd2 Rg1 40.Nc4 f4 41.Nd2 Rxg2
42.c4+ Ke6  0-1

[Event "UKR-POL Academic Teams"]
[Site "Lviv UKR"]
[Date "2013.09.28"]
[Round "4"]
[White "Korniyuk,M"]
[Black "Przezdziecka,E"]
[Result "0-1"]
[WhiteElo "2136"]
[BlackElo "2148"]

1.e4 g6 2.d4 Bg7 3.Nc3 c6 4.Nf3 d6 5.a4 Nf6 6.Bc4 O-O 7.O-O Qc7 8.h3 e5 9.Be3 Nbd7
10.Qe2 Re8 11.d5 c5 12.a5 a6 13.Nd2 Nh5 14.Bb3 h6 15.Ba4 Re7 16.Nc4 Nf8 17.Nb6 Rb8
18.Na2 Bd7 19.b4 Bxa4 20.Nxa4 cxb4 21.Bb6 Qd7 22.Nxb4 Nf4 23.Qd2 f5 24.f3 Nh7
25.c4 fxe4 26.fxe4 Ng5 27.Qe3 Rf8 28.c5 Ref7 29.c6 bxc6 30.dxc6 Qe6 31.c7 Qc4
32.Rfc1 Ne2+ 33.Kh2 Nxc1 34.Rxc1 Qxb4 35.c8=Q Rxc8 36.Rxc8+ Kh7 37.Nc3 Qb2
38.Rc7 Rf3 39.Qe2 Qxe2 40.Nxe2 Ra3 41.Ng3 Ra4 42.Ra7 Nxe4 43.Nxe4 Rxe4 44.Rxa6 Ra4
45.Ra8 e4 46.a6 Be5+ 47.Kg1 Bd4+ 48.Bxd4 Rxd4 49.a7 Ra4 50.Kf2 Ra3 51.Rd8 Rxa7
52.Rxd6 Ra2+ 53.Ke3 Rxg2 54.Kxe4 Rg3 55.Rd7+ Kg8 56.Ke5 Rf3 57.h4 Rf5+ 58.Ke6 h5
59.Ra7 Rf4 60.Ke5 Rxh4 61.Kf6 Rg4  0-1